1098 1621 1659 1664 1202 1319 1752 1612 1968 1878 1375 1958 1844 1902 1459 1802 1333 1595 1144 1141 1338 1678 1790 1291 1599 1938 1573 1139 1823 1716 1419 1839 1940 1743 1693 1431 1343 1120 1399 1891 1581 1973 1724 1570 1153 1827 1804 1323 1099 1828 1950 1823 1368 1427 1355 1766 1145 1090 1851 1415 1947 1575 1908 1493 1965 1799 1579 1207 1565 1716 1953 1857 1220 1968 1607 1073 1625 1304 1547 1539 1117 1425 1959 1645 1267 1443 1842 1317 1247 1132 1667 1408 1855 1824 1509 1912 1700 1323 1970 BCNSPRNW ULIB Ver.6.0+V

เปลี่ยนเป็นภาษาไทย

Change to English
 แสดงรายละเอียดบรรณานุกรม
  กลับหน้าหลัก

Brief Record : Get Marc (ISO 2709) : E-mail record : QR code < ปิดหน้าต่าง
LEADER : 00000nam 2200000uu 4500
001    13399111261
003     ULIB
008    110621s||||||||th 000 0 tha d
020    9747379112
050  4 BF637^bว526ค 2544
100 0  วิจิตรวาทการ,^cพลตรี หลวง,^d2441-2505
245 10 ความฝัน /^cโดย พลตรี หลวงวิจิตรวาทการ
250    พิมพ์ครั้งที่ 2
260    กรุงเทพฯ :^bสร้างสรรค์บุ๊คส์,^c2544
300    (18), 230 หน้า ;^c21 ซม.
600 07 วิจิตรวาทการ,^cพลตรี หลวง,^d2441-2505
650  7 ฝัน
650  7 การทำนายฝัน
650  7 จิตวิเคราะห์
945    ^p185^l0^i027151
945    ^p185^l0^i027152
995    ทศพร
999 ^a ใช้งานได้ทุกระบบ
รายการนี้ยังไม่มีแท็ก
คุณยังไม่ได้ล็อกอิน คุณสามารถมีกิจกรรมร่วมกับเว็บไซต์ได้ แต่ต้องล็อกอินก่อน ::
  ล็อกอิน

รายการสื่อสารสนเทศ

ลำดับที่ ประเภท เลขเรียก/บาร์โค้ด สถานที่ สถานะ
- ไม่พบข้อมูล -

รายการใกล้เคียง
    หัวเรื่อง [ฝัน]
    หัวเรื่อง [การทำนายฝัน]
    หัวเรื่อง [จิตวิเคราะห์]

BibComment


ยังไม่เคยถูกคอมเมนท์

คอมเมนท์ทรัพยากรรายการนี้
  คอมเมนท์: ความฝัน โดย พลตร..


 Copyright 2026. Bcnsprnw @Library